000 00852nam a2200241Ia 4500
003 OSt
005 20221005113329.0
006 a|||||r|||| 00| 0
007 ta
008 221004b |||||||| |||| 00| 0 pan d
020 _a8173809178
_c150
024 _a117101
037 _b604, 16/02/2012, H.K. Prakashan
_cTextual
040 _aCRL
_cCRL
_bpan
041 _2pan
_apan
082 _aP153, 153P5
100 _aਚੀਮਾ, ਬਲਦੇਵ ਸਿੰਘ
245 0 _aਪੰਜਾਬੀ ਵਾਕ ਪ੍ਰਬੰਧ
_b ਬਣਤਰ ਅਤੇ ਕਾਰਜ
260 _aਪਟਿਆਲਾ
_bਪਬਲੀਕੇਨ ਬਿਊਰੋ ਭਾਰਤ
_c2005
300 _a167ਪੰ
_ccm.
942 _hP153, 153P5
_cTEXL
_2cc
999 _c1027827
_d1027827